Alias Of DC Characters Quiz Stats

Quiz not verified by Sporcle

Challenge
Share
Tweet
Embed
Score 0/50 Timer 10:00
0 Plays Today
Real Name Character % Correct
Bruce Thomas WayneBatman
100%
Oliver 'Ollie' QueenGreen Arrow
100%
Selina KyleCatwoman
100%
Bartholomew Harry 'Barry' AllenThe Flash
92.3%
Arthur CurryAquaman
92.3%
Harold 'Hal' JordanGreen Lantern
92.3%
Clark Joseph Kent (Kal-El)Superman
92.3%
Diana of ThemysciraWonder Woman
92.3%
Richard John 'Dick' GraysonNightwing
92.3%
Slade WilsonDeathstroke
92.3%
Harleen Francis QuinzelHarley Quinn
92.3%
Caitlin SnowFrost
92.3%
Alexander Joseph LuthorLex Luthor
92.3%
Thaal SinestroSinestro
92.3%
J'onn J'onzzMartian Manhunter
92.3%
Barbara Joan GordonBatgirl
92.3%
Floyd LawtonDeadshot
92.3%
Dinah Drake-LanceBlack Canary
92.3%
Kara Danvers (Kara Zor-El)Supergirl
92.3%
Leonard 'Len' SnartCaptain Cold
92.3%
GroddGorilla Grodd
92.3%
Lisa SnartGolden Glider
92.3%
Kendra Munoz-SaundersHawkgirl
84.6%
Zatanna ZataraZatanna
84.6%
Dru-ZodGeneral Zod
84.6%
Real Name Character % Correct
Jason ToddRed Hood
84.6%
John StewartGreen Lantern
84.6%
Ronald Roy RaymondFirestorm
84.6%
Victor 'Vic' StoneCyborg
76.9%
Teth-AdamBlack Adam
76.9%
Cassandra CainBatgirl
76.9%
Jaime ReyesBlue Beetle
76.9%
Pamela IsleyPoison Ivy
76.9%
Jonathan CraneScarecrow
76.9%
Victor FriesMr. Freeze
76.9%
Mari Jawe McCabeVixen
76.9%
Billy BatsonShazam
69.2%
Rachel RothRaven
69.2%
Barbara Ann MinervaCheetah
69.2%
Koriand'rStarfire
69.2%
Waylon JonesKiller Croc
61.5%
Alec HollandSwamp Thing
53.8%
Vril DoxBrainiac
53.8%
Virgil Ovid HawkinsStatic
46.2%
Daniel WestReverse Flash
46.2%
UxasDarkseid
30.8%
Zor-ElCyborg Superman
30.8%
Khalid Ben-HassinDoctor Fate
30.8%
AtrosAtrocitus
30.8%
DexterDex-Starr
30.8%

You're not logged in!

Compare scores with friends on all Sporcle quizzes.
Sign Up with Email
OR
Log In

You Might Also Like...

Show Comments

Extras

Top Quizzes Today


Score Distribution

Your Account Isn't Verified!

In order to create a playlist on Sporcle, you need to verify the email address you used during registration. Go to your Sporcle Settings to finish the process.